Methods of educational research (Record no. 206746)
[ view plain ]
| 000 -LEADER | |
|---|---|
| fixed length control field | 00340nam a2200145Ia 4500 |
| 008 - FIXED-LENGTH DATA ELEMENTS--GENERAL INFORMATION | |
| fixed length control field | 231221s9999 xx 000 0 und d |
| 041 ## - LANGUAGE CODE | |
| Language code of text/sound track or separate title | English |
| 082 ## - DEWEY DECIMAL CLASSIFICATION NUMBER | |
| Classification number | 001.42 SHA;1 R |
| 100 ## - MAIN ENTRY--PERSONAL NAME | |
| Personal name | Sharma, S R |
| 245 #0 - TITLE STATEMENT | |
| Title | Methods of educational research |
| 260 ## - PUBLICATION, DISTRIBUTION, ETC. | |
| Date of publication, distribution, etc. | 2005 |
| 300 ## - PHYSICAL DESCRIPTION | |
| Extent | 280 |
| 650 ## - SUBJECT ADDED ENTRY--TOPICAL TERM | |
| Topical term or geographic name entry element | educational,research |
| 942 ## - ADDED ENTRY ELEMENTS (KOHA) | |
| Koha item type | Education Library |
| Date last seen | Total checkouts | Full call number | Accession number | Cost, total (INR) price | Price effective from | Category | Lost status | Damaged status | Department | Withdrawn status | Home library | Current library | Shelving location | Entry date | Vendor | Cost, normal purchase price | Grants | Billnumber | Billdate | Currency symbol | Conversion rate | Discount | Old discount |
|---|---|---|---|---|---|---|---|---|---|---|---|---|---|---|---|---|---|---|---|---|---|---|---|
| 26/01/2024 | 001.42 SHA;1 R | ED1641 | 127.50 | 26/01/2024 | Education Library | Central Library | Central Library | Central Library | Central Library | Sapna Book House | 150.00 | EDU | 25297 | 24/05/2010 | RS | 1 | 22.5 | 15 | |||||
| 26/01/2024 | 001.42 SHA;2 R1 | ED1642 | 127.50 | 26/01/2024 | Education Library | Central Library | Central Library | Central Library | Sapna Book House | 150.00 | EDU | 25297 | 24/05/2010 | RS | 1 | 22.5 | 15 | ||||||
| 26/01/2024 | 001.42 SHA;3 | ED1643 | 127.50 | 26/01/2024 | Education Library | Central Library | Central Library | Central Library | Central Library | Sapna Book House | 150.00 | EDU | 25297 | 11/05/2010 | RS | 1 | 22.5 | 15 | |||||
| 26/01/2024 | 001.42 SHA;4 | ED1644 | 127.50 | 26/01/2024 | Education Library | Central Library | Central Library | Central Library | Central Library | Sapna Book House | 150.00 | EDU | 25297 | 24/05/2010 | RS | 1 | 22.5 | 15 | |||||
| 26/01/2024 | 001.42 SHA;5 | ED1645 | 127.50 | 26/01/2024 | Education Library | Central Library | Central Library | Central Library | Sapna Book House | 150.00 | EDU | 25297 | 24/05/2010 | RS | 1 | 22.5 | 15 |
